000 00458nam a2200169Ia 4500
001 44505
008 170204s1909 ii g b000 u 465 u
082 _a821.91
100 _aGhose, Aurobindo,
_eAuthor.
245 0 _aBaji Prabhou :a Poem /
_cAurobindo Ghose.
_hTextual Documents
260 _aPandicherry :
_bArya Office ,
_c1909.
300 _a34p. ;
_c18 cm.
653 _aEnglish
653 _aEnglish poetry
653 _aT/G-English
942 _2ddc
_cBK
999 _c44471
_d44471